Lo fundamental y lo mas efectivo de la gerencia del conocimiento (Registro nro. 5092)
[ vista simple ]
| 000 -Cabecera | |
|---|---|
| Campo de control de longitud fija | 01130aam a2200337 4500 |
| 005 - Fecha y hora de la última transacción | |
| Campo de control | 20250827113032.0 |
| 008 - Elementos de longitud fija--Información general | |
| Campo de control de longitud fija | 150504b2000 xxu||||| |||| 00| 0 spa d |
| 020 ## - International Standard Book Number | |
| Número Internacional Estándar del Libro (ISBN) | 9584101528 |
| 041 ## - Idioma | |
| Código de idioma | Español |
| 082 ## - Clasificación Decimal Dewey | |
| Número de clasificación | 658.43 K88f |
| 100 ## - Entrada principal--Autor personal | |
| Nombre personal | Koulopoulos, Thomas |
| 9 (RLIN) | 34915 |
| 100 ## - Entrada principal--Autor personal | |
| Nombre personal | Frappaolo, Carl |
| 9 (RLIN) | 34916 |
| 245 ## - Título propiamente dicho | |
| Título | Lo fundamental y lo mas efectivo de la gerencia del conocimiento |
| 260 ## - Pie de imprenta | |
| Lugar de publicación, distribución, etc. | Colombia |
| 260 ## - Pie de imprenta | |
| Nombre del editor, distribuidor, etc. | McGraw-Hill |
| 260 ## - Pie de imprenta | |
| Fecha de publicación, distribución, etc. | 2000 |
| 300 ## - Descripción física | |
| Extensión | 204 páginas |
| 490 ## - Serie | |
| Título de la Serie | Dirección y Administración de Empresas |
| 650 ## - Materia general | |
| Temática (materia general) | GERENCIA INTERMEDIA |
| 650 ## - Materia general | |
| Temática (materia general) | EL COMBUSTIBLE PARA LA INNOVACIÓN |
| 650 ## - Materia general | |
| Temática (materia general) | ECONOMÍA DEL CONOCIMIENTO |
| 650 ## - Materia general | |
| Temática (materia general) | LAS PIEDRAS ANGULARES DEL CONOCIMIENTO |
| 650 ## - Materia general | |
| Temática (materia general) | CAPITAL INTELECTUAL |
| 650 ## - Materia general | |
| Temática (materia general) | EL SOFTWARE DEL CONOCIMIENTO |
| 650 ## - Materia general | |
| Temática (materia general) | EL LADO MÁS SUAVE DE LA GERENCIA DEL CONOCIMIENTO |
| 650 ## - Materia general | |
| Temática (materia general) | CÓMO CONDUCIR LA ORGANIZACIÓN BASADA EN EL CONOCIMIENTO |
| 650 ## - Materia general | |
| Temática (materia general) | TECNOLOGÍAS |
| 650 ## - Materia general | |
| Temática (materia general) | EL LADO SUAVE DE LA GERENCIA DEL CONOCIMIENTO |
| 650 ## - Materia general | |
| Temática (materia general) | CÓMO CONDUCIR LA ORGANIZACIÓN BASADA EN EL CONOCIMIENTO |
| 942 ## - Punto de acceso adicional KOHA | |
| Tipo de ítem KOHA | Libro |
| Fuente del sistema de clasificación o colocación | Dewey Decimal Classification |
| Signatura completa | Código de barras | Programa Académico | Tipo de ítem |
|---|---|---|---|
| 658.43 K88f | 5577 | Dirección y Administración de Empresas | Libro |
| 658.43 K88f | 9375 | Dirección y Administración de Empresas | Libro |